[Event "AUTO-ADV-1672"]
[Site "http://www.queenalice.com/game.php?id=739094"]
[Date "2010.2.28"]
[Round "1"]
[White "Sir_Grantis1"]
[Black "josa23"]
[Result "0-1"]
[WhiteElo "1836"]
[BlackElo "1856"]

1. d4 d5 2. c4 e6 3. Nf3 Nf6 4. Bg5 Be7 5. e3 h6 6. Bxf6 Bxf6 7. Bd3 Nc6 8. O-O
Bd7 9. cxd5 exd5 10. Qb3 Bc8 11. Nc3 Bg4 12. Nxd5 O-O 13. Be4 b6 14. Qc3 Na5 15.
b4 Nb7 16. Nxf6+ Qxf6 17. Bxb7 Rab8 18. Qxc7 Qg6 19. Ne5 Qf5 20. Nc6 Rbe8 21.
Ne7+ Rxe7 22. Qxe7 h5 23. Be4 Qg6 24. Bxg6 fxg6 25. Qxa7 Be2 26. Rfe1 Bg4 27.
Qxb6 Rc8 28. Qxg6 Kh8 29. a4 Kg8 30. b5 Rb8 31. Rec1 Rd8 32. Rc7 Rd7 0-1

[Event "AUTO-ADV-1672"]
[Site "http://www.queenalice.com/game.php?id=739095"]
[Date "2010.2.28"]
[Round "1"]
[White "josa23"]
[Black "Sir_Grantis1"]
[Result "1-0"]
[WhiteElo "1871"]
[BlackElo "1821"]

1. e4 c5 2. f4 g6 3. Nc3 Bg7 4. Nf3 e6 5. Bc4 a6 6. e5 Ne7 7. d4 cxd4 8. Nxd4 d5
9. Bd3 Nbc6 10. Nxc6 Nxc6 11. Be3 d4 12. Ne4 dxe3 13. Qe2 O-O 14. Qxe3 Qd4 15.
Qh3 Qxb2 16. O-O Nb4 17. Ng5 h6 18. Nf3 Nxc2 19. Rfb1 Qc3 20. Rc1 Qxd3 21. Ne1
Qd4+ 22. Kh1 Nxa1 23. Nf3 Qb2 24. Rf1 Qxa2 25. Nh4 Bd7 26. Nf3 Rac8 27. Qg3 Bb5
28. Re1 Nb3 29. h3 Rc1 30. Rxc1 Nxc1 31. Nh4 Ne2 32. Qf3 1-0

[Event "AUTO-ADV-1680"]
[Site "http://www.queenalice.com/game.php?id=742751"]
[Date "2010.3.7"]
[Round "1"]
[White "pawnforme"]
[Black "Sir_Grantis1"]
[Result "1-0"]
[WhiteElo "1966"]
[BlackElo "1859"]

1. d4 d5 2. Nf3 c5 3. c3 e6 4. e3 Nf6 5. Be2 Be7 6. dxc5 Bxc5 7. O-O O-O 8. b4
Bd6 9. Bb2 e5 10. a4 Nc6 11. Nbd2 e4 12. Ne1 Qc7 13. g3 Bh3 14. Ng2 Ne5 15. Re1
Bg4 16. Bxg4 Nfxg4 17. Nf4 Nf6 18. Rb1 Rac8 19. Qb3 Rfd8 20. Kg2 Nd3 21. Nxd3
exd3 22. Qd1 Ne4 23. Nxe4 dxe4 24. Qd2 Qd7 25. Red1 1-0

[Event "AUTO-ADV-1680"]
[Site "http://www.queenalice.com/game.php?id=742752"]
[Date "2010.3.7"]
[Round "1"]
[White "Sir_Grantis1"]
[Black "pawnforme"]
[Result "0-1"]
[WhiteElo "1847"]
[BlackElo "1978"]

1. d4 d5 2. c4 c6 3. Nc3 e6 4. e3 Nf6 5. Nf3 Be7 6. Bd3 dxc4 7. Bxc4 O-O 8. O-O
Nbd7 9. e4 Nb6 10. Bd3 Ne8 11. Be3 Kh8 12. Qc2 f5 13. Rad1 Nd6 14. Rfe1 Ndc4 15.
Bc1 Qc7 16. exf5 exf5 17. Qe2 Bf6 18. Bxc4 Bd7 19. Ne5 Bxe5 20. Qxe5 Qc8 0-1

[Event "AUTO-ADV-1680"]
[Site "http://www.queenalice.com/game.php?id=742765"]
[Date "2010.3.7"]
[Round "1"]
[White "rbivanov"]
[Black "Sir_Grantis1"]
[Result "0-1"]
[WhiteElo "1770"]
[BlackElo "1741"]

1. d4 d5 2. c4 c6 3. Nc3 e6 4. g3 dxc4 5. e4 b5 6. Bg2 b4 7. Nce2 Bb7 8. Qa4 Nf6
9. e5 Nd5 10. Bxd5 Qxd5 11. f3 Nd7 12. Be3 Qb5 13. Qxb5 cxb5 14. f4 Bxh1 0-1

[Event "AUTO-ADV-1680"]
[Site "http://www.queenalice.com/game.php?id=742766"]
[Date "2010.3.7"]
[Round "1"]
[White "Sir_Grantis1"]
[Black "rbivanov"]
[Result "1-0"]
[WhiteElo "1812"]
[BlackElo "1820"]

1. d4 d5 2. c4 e6 3. Nf3 Bb4+ 4. Bd2 Nc6 5. Bxb4 Nxb4 6. e3 Bd7 7. Qb3 Qe7 8. a3
Nc6 9. Qxb7 Qd8 10. Qb3 Nf6 11. Qc2 O-O 12. Bd3 Rb8 13. Nbd2 Re8 14. O-O e5 15.
cxd5 Nxd5 16. Bxh7+ Kh8 17. Be4 Be6 18. Qxc6 Qd6 19. Nxe5 Qxc6 20. Nxc6 Rxb2 21.
Nc4 Rc2 22. Bxc2 1-0

[Event "Nf3 open #1"]
[Site "http://www.queenalice.com/game.php?id=745820"]
[Date "2010.3.14"]
[Round "-"]
[White "Sir_Grantis1"]
[Black "Mikalus"]
[Result "1-0"]
[WhiteElo "1742"]
[BlackElo "1855"]

1. Nf3 c5 2. c4 Nc6 3. d4 cxd4 4. Nxd4 e5 5. Nb5 d6 6. e4 a6 7. N5c3 Nf6 8. Bg5
Be7 9. Bxf6 Bxf6 10. Nd5 O-O 11. Nbc3 Nd4 12. Be2 Bd7 13. O-O b5 14. a4 bxc4 15.
Bxc4 Bg5 16. Qd3 a5 17. Nb5 Bg4 18. Nxd4 exd4 19. Qxd4 Be6 20. f4 Bxd5 21. Bxd5
Bf6 22. e5 dxe5 23. fxe5 Be7 24. Rxf7 Rxf7 25. Rf1 Rc8 26. Bxf7+ Kh8 27. Qxd8+
Bxd8 28. Be6 1-0

[Event "b3 open #1"]
[Site "http://www.queenalice.com/game.php?id=745823"]
[Date "2010.3.14"]
[Round "-"]
[White "Sir_Grantis1"]
[Black "Mikalus"]
[Result "1-0"]
[WhiteElo "1763"]
[BlackElo "1834"]

1. b3 e5 2. Bb2 Nc6 3. g3 Nf6 4. Bg2 d5 5. d3 d4 6. c3 Bd7 7. Nf3 dxc3 8. Nxc3
Bb4 9. a3 Ba5 10. b4 Bb6 11. b5 Nd4 12. Nxe5 Bxb5 13. Nxb5 Nxb5 14. Bxb7 Rb8 15.
Bg2 O-O 16. Nc6 Qc8 17. Nxb8 Qxb8 18. Qa4 Nd6 19. Bxf6 gxf6 20. O-O Qd8 21. e3
Nf5 22. d4 Ng7 23. Rfc1 Qd6 24. Rc6 Qd7 25. Qa6 Qe7 26. a4 Qb4 27. a5 Qb2 28.
axb6 1-0

[Event "AUTO-INT-1542"]
[Site "http://www.queenalice.com/game.php?id=758040"]
[Date "2010.4.8"]
[Round "2"]
[White "Sir_Grantis1"]
[Black "robinud"]
[Result "0-1"]
[WhiteElo "1768"]
[BlackElo "1849"]

1. d4 d5 2. c4 Nf6 3. cxd5 Qxd5 4. Nc3 Qd8 5. e4 e5 6. dxe5 Qxd1+ 7. Kxd1 Nfd7
8. Nf3 Bc5 9. Nd5 Na6 10. Bxa6 Bb6 11. Be2 Bxf2 12. Nxc7+ Kd8 0-1

[Event "AUTO-INT-1542"]
[Site "http://www.queenalice.com/game.php?id=758041"]
[Date "2010.4.8"]
[Round "2"]
[White "robinud"]
[Black "Sir_Grantis1"]
[Result "1-0"]
[WhiteElo "1835"]
[BlackElo "1782"]

1. e4 c5 2. Nf3 e6 3. e5 Nc6 4. d3 d6 5. exd6 Bxd6 6. g3 Nf6 7. Bg2 O-O 8. O-O
Qb6 9. c4 e5 10. Be3 Qxb2 11. Nbd2 Rd8 12. a4 Qb6 13. Rb1 1-0

[Event "AUTO-ADV-1805"]
[Site "http://www.queenalice.com/game.php?id=792976"]
[Date "2010.6.21"]
[Round "1"]
[White "vininb"]
[Black "Sir_Grantis1"]
[Result "1-0"]
[WhiteElo "1876"]
[BlackElo "1689"]

1. e4 c5 2. Nf3 e6 3. d4 cxd4 4. Nxd4 a6 5. Be2 Qc7 6. O-O Nf6 7. Nc3 b5 8. Bf3
Bb7 9. Nde2 Be7 10. Bf4 d6 11. a4 b4 12. Na2 a5 13. c3 bxc3 14. Naxc3 O-O 15.
Nb5 1-0

[Event "AUTO-ADV-1805"]
[Site "http://www.queenalice.com/game.php?id=792977"]
[Date "2010.6.21"]
[Round "1"]
[White "Sir_Grantis1"]
[Black "vininb"]
[Result "0-1"]
[WhiteElo "1680"]
[BlackElo "1885"]

1. d4 d5 2. c4 e6 3. Nf3 Nf6 4. Bg5 Be7 5. e3 c6 6. Bd3 O-O 7. O-O h6 8. Bh4 b6
9. Nc3 Nbd7 10. Rc1 Ba6 11. Bg3 dxc4 12. Bb1 Nd5 13. Qd2 c5 14. Be4 N7f6 0-1